000 00414nam a2200145Ia 4500
008 231129s1997||||xx |||||||||||||| ||spa||
020 _a958-30-0300-X 958-3
040 _bspa
082 _a(i) Co861.6 N718al
100 _aNiño Jairo Anibal 1941
245 0 _aLa alegrí­a de querer: poemas de amor para niños
260 _c1997
264 _aPanamericana
942 _2ddc
_cBKS
999 _c16388
_d16388